| 000 | 00571nam a2200205 a 4500 | ||
|---|---|---|---|
| 005 | 20210223123823.0 | ||
| 008 | 991125n 000 0 spa u | ||
| 035 | _aUPN01000070346 | ||
| 100 |
_aGAMEZ JIMENEZ, Luis _932257 |
||
| 222 | _aCOMUNICACION EDUCATIVA SEP | ||
| 245 | _aEl cuerpo directivo : líder y guía de la comunidad escolar | ||
| 300 | _a16 | ||
| 362 | _a1984 Año 1, no. 10 feb. | ||
| 653 | 0 | _aADMINISTRACION ESCOLAR | |
| 653 | 0 | _aEDUCACION SECUNDARIA | |
| 653 | 0 | _aENSEÑANZA | |
| 653 | 0 | _aDIRECTOR | |
| 904 |
_aAC _b008157 |
||
| 905 | _aArticulo | ||
| 999 |
_c65328 _d65328 |
||